000
00176 a2200097 4500
020
_a
9781595663993
041
_a
spa
100
_a
Hewitt, Sally
245
_a
Huelelo
942
_c
BK
999
_c
3449
_d
3449